Hannaford v Smallacombe (Record no. 47884)
[ view plain ]
| 000 -LEADER | |
|---|---|
| fixed length control field | 01656cab a2200241 4500 |
| 001 - CONTROL NUMBER | |
| control field | ABS50487 |
| 008 - FIXED-LENGTH DATA ELEMENTS--GENERAL INFORMATION | |
| fixed length control field | 090401t1994 xxu||||| |||| 00| 0 eng d |
| 035 ## - SYSTEM CONTROL NUMBER | |
| System control number | (Sirsi) u76103 |
| 041 ## - LANGUAGE CODE | |
| Language code of text/sound track or separate title | eng |
| 245 ## - TITLE STATEMENT | |
| Title | Hannaford v Smallacombe |
| 260 ## - PUBLICATION, DISTRIBUTION, ETC. | |
| Date of publication, distribution, etc. | 1994 |
| 350 ## - PRICE (NR) (BK AM CF MU VM SE) [OBSOLETE] | |
| Price | 0 |
| 490 ## - SERIES STATEMENT | |
| Series statement | Estates Gazette |
| Volume/sequential designation | 1994 15 EG 155-158(4) |
| 520 ## - SUMMARY, ETC. | |
| Summary, etc. | CA 16 December 1993. Respondent tenant H and appellant landlord S agreed to go to arbitration over a notice to quit issued under Agricultural Holdings Act 1986 sch3 case D. Arbitrator accepted appointment subject to completion of form of appointment by both parties. Arbitrator acknowledged notices on 18 September reminding both parties that their statements must be received within 35 days under para 7 Sched 11 of 1986 Act. Agreement between the parties was made on 12 September and was received by arbitrator on 14 September. On 19 October, the arbitrator informed tenant`s solicitor that as no evidence had been submitted by his client within the 35 days, he was time-barred. H argued that the 35 days ran from 18 September or the time period could be extended at the arbitrator`s discretion. CC decided in J`s favour. CA overturned CC ruling holding that H had not submitted his evidence within the time limit and found that S had correctly issued the notice to quit. Appeal allowed. |
| 650 ## - SUBJECT ADDED ENTRY--TOPICAL TERM | |
| Topical term or geographic name entry element | AGRICULTURAL HOLDINGS ACT 1986 |
| 650 ## - SUBJECT ADDED ENTRY--TOPICAL TERM | |
| Topical term or geographic name entry element | PROPERTY-LANDLORD AND TENANT-TENANCIES-AGRICULTURAL TENANCIES |
| 650 ## - SUBJECT ADDED ENTRY--TOPICAL TERM | |
| Topical term or geographic name entry element | NOTICE TO QUIT |
| 650 ## - SUBJECT ADDED ENTRY--TOPICAL TERM | |
| Topical term or geographic name entry element | TERMINATION OF TENANCY |
| 650 ## - SUBJECT ADDED ENTRY--TOPICAL TERM | |
| Topical term or geographic name entry element | TIME LIMITS |
| 690 ## - LOCAL SUBJECT ADDED ENTRY--TOPICAL TERM (OCLC, RLIN) | |
| Topical term or geographic name as entry element | LANDLORD AND TENANT-CASE LAW-AGRICULTURAL TENANCIES |
| 942 ## - ADDED ENTRY ELEMENTS (KOHA) | |
| Suppress in OPAC | 0 |
| 948 ## - LOCAL PROCESSING INFORMATION (OCLC); SERIES PART DESIGNATOR (RLIN) | |
| c (OCLC) | 04/03/1997 |
| Withdrawn status | Lost status | Source of classification or shelving scheme | Damaged status | Not for loan | Home library | Current library | Shelving location | Date acquired | Total Checkouts | Full call number | Barcode | Date last seen | Copy number | Price effective from | Koha item type |
|---|---|---|---|---|---|---|---|---|---|---|---|---|---|---|---|
| Dewey Decimal Classification | London | London | Journal article | 14/09/1999 | ABS50487 | 76103-1001 | 06/08/2019 | 1 | 06/08/2019 | Law report |